000 01212 a2200229 4500
020 _a0132641437
020 _a9780132641432
082 _a516.3604
090 _c1119
_d1119
100 1 _aMillman, Richard S.
245 1 0 _aElements of differential geometry /
_cRichard S. Millman, George D. Parker.
250 _aFacsimile ed.
260 _a[S.l.] :
_bPrentice Hall,
_c1977.
300 _a265 p. ;
_c23 cm.
700 1 _aParker, George D.
942 _aSNS
_cBK
_k516.3604 MIL
999 _c29734
_d29734